Nic Bishop snakes. (Record no. 378473)
[ view plain ]
| 000 -LEADER | |
|---|---|
| fixed length control field | 01265cam a2200361 a 4500 |
| 001 - CONTROL NUMBER | |
| control field | a5933045 |
| 003 - CONTROL NUMBER IDENTIFIER | |
| control field | SIRSI |
| 005 - DATE AND TIME OF LATEST TRANSACTION | |
| control field | 20221031145718.0 |
| 008 - FIXED-LENGTH DATA ELEMENTS--GENERAL INFORMATION | |
| fixed length control field | 111130s2012 nyua j b 001 0 eng |
| 010 ## - LIBRARY OF CONGRESS CONTROL NUMBER | |
| LC control number | 2011039316 |
| 020 ## - INTERNATIONAL STANDARD BOOK NUMBER | |
| International Standard Book Number | 9780545206389 (jacketed hardcover) : |
| Terms of availability | $17.99 |
| 020 ## - INTERNATIONAL STANDARD BOOK NUMBER | |
| International Standard Book Number | 0545206383 (jacketed hardcover) |
| 035 ## - SYSTEM CONTROL NUMBER | |
| System control number | (OCoLC)ocn766606202 |
| Canceled/invalid control number | (OCoLC)815373757 |
| 040 ## - CATALOGING SOURCE | |
| Original cataloging agency | DLC |
| Language of cataloging | eng |
| Transcribing agency | DLC |
| Modifying agency | BTCTA |
| -- | BDX |
| -- | BKX |
| -- | IEP |
| -- | YDXCP |
| -- | UPB |
| Description conventions | rda |
| 042 ## - AUTHENTICATION CODE | |
| Authentication code | pcc |
| 050 00 - LIBRARY OF CONGRESS CALL NUMBER | |
| Classification number | QL666.O6 |
| Item number | B57 2012 |
| 082 00 - DEWEY DECIMAL CLASSIFICATION NUMBER | |
| Classification number | 597.96 |
| Edition number | 23 |
| 092 ## - LOCALLY ASSIGNED DEWEY CALL NUMBER (OCLC) | |
| Classification number | junior nonfiction |
| Item number | 597.96 Bishop |
| 100 1# - MAIN ENTRY--PERSONAL NAME | |
| Personal name | Bishop, Nic, |
| Dates associated with a name | 1955- |
| 9 (RLIN) | 38250 |
| 245 10 - TITLE STATEMENT | |
| Title | Nic Bishop snakes. |
| 246 30 - VARYING FORM OF TITLE | |
| Title proper/short title | Snakes |
| 260 ## - PUBLICATION, DISTRIBUTION, ETC. (IMPRINT) | |
| Place of publication, distribution, etc | New York, NY : |
| Name of publisher, distributor, etc | Scholastic Nonfiction, |
| Date of publication, distribution, etc | 2012. |
| 264 ## - Production, Publication, Distribution, Manufacture, and Copyright Notice. | |
| Place of production, publication, distribution, manufacture | New York, NY : |
| Name of producer, publisher, distributor, manufacturer | Scholastic, |
| Date of production, publication, distribution, manufacture, or copyr | 2012. |
| 300 ## - PHYSICAL DESCRIPTION | |
| Extent | 48 p. : |
| Other physical details | ill. ; |
| Dimensions | 29 cm. |
| 336 ## - Content Type | |
| Content type term | text |
| 337 ## - Media type | |
| Media type term | unmediated |
| 338 ## - Carrier type | |
| Carrier type term | volume |
| 504 ## - BIBLIOGRAPHY, ETC. NOTE | |
| Bibliography, etc | Includes bibliographical references (p. 48) and index. |
| 520 ## - SUMMARY, ETC. | |
| Summary, etc | Introduces snakes and provides information on their physical characteristics, how they hunt, and why some snakes are poisonous. |
| 583 ## - ACTION NOTE | |
| Action | Jcat |
| Time/date of action | 20130222 |
| Action agent | pjr |
| Institution to which field applies | UPB |
| 650 #0 - SUBJECT ADDED ENTRY--TOPICAL TERM | |
| Topical term or geographic name as entry element | Snakes |
| Form subdivision | Juvenile literature. |
| 9 (RLIN) | 5696843 |
| 942 ## - ADDED ENTRY ELEMENTS (KOHA) | |
| Source of classification or shelving scheme | Dewey Decimal Classification |
| Koha item type | BOOK |
| Withdrawn status | Lost status | Source of classification or shelving scheme | Damaged status | Not for loan | Collection code | Home library | Current library | Shelving location | Date acquired | Source of acquisition | Total Checkouts | Total Renewals | Full call number | Barcode | Checked out | Date last seen | Date checked out | Cost, replacement price | Price effective from | Koha item type |
|---|---|---|---|---|---|---|---|---|---|---|---|---|---|---|---|---|---|---|---|---|
| Dewey Decimal Classification | Junior NonFiction | Wasatch County Library | Wasatch County Library | Second Floor | 10/31/2022 | Donation | 13 | 15 | J 597.96 Bishop | 34301001868415 | 04/17/2026 | 02/19/2026 | 02/19/2026 | 18.99 | 10/31/2022 | BOOK |
